Support of the development of the regions of the Czech Republic through the structural funds of the European Union : theses of the dissertation /

Hlavní autor: Kovárník, Jaroslav, 1980-
Korporativní autor: Univerzita Pardubice. Ústav ekonomie a managementu
Jazyk: Angličtina
Vydáno: Pardubice : University of Pardubice, 2007
Vydání: Ed. 1st
Edice: Theses of the dissertation
Témata:
Fyzický popis: 28 s. : il. ; 21 cm
Knihy
Uloženo v:
LEADER 02734nam a2200673 a 4500
001 nkc20071762642
003 CZ PrNK
005 20140210152149.0
007 ta
008 071130s2007 xr a f m 000 0 eng
015 |a cnb001762642 
020 |a 978-80-7395-003-3  |q (brož.) 
035 |a (OCoLC)228499756 
040 |a ABA001  |b cze 
043 |a e------  |a e-xr---  |b e-xr-pa  |2 czenas 
045 |a y0y1 
072 7 |a 332  |x Regionální ekonomie, regionální ekonomika  |2 Konspekt  |9 4 
080 |a 332.14  |2 MRF 
080 |a 332.146.2  |2 MRF 
080 |a 005.71-025.27  |2 MRF 
080 |a 339.926  |2 MRF 
080 |a (437.314)  |2 MRF 
080 |a (4)  |2 MRF 
080 |a (043.3)  |2 MRF 
080 |a (048.3)  |2 MRF 
100 1 |a Kovárník, Jaroslav,  |d 1980-  |7 mzk2007423745  |4 dis 
245 1 0 |a Support of the development of the regions of the Czech Republic through the structural funds of the European Union :  |b theses of the dissertation /  |c Jaroslav Kovárník 
250 |a Ed. 1st 
260 |a Pardubice :  |b University of Pardubice,  |c 2007 
300 |a 28 s. :  |b il. ;  |c 21 cm 
490 1 |a Theses of the dissertation 
500 |a Nad názvem: University of Pardubice, Faculty of Economics and Administration, Institute of Economy and Management 
500 |a 30 výt. 
502 |a Teze disertační práce (Ph.D.)--Univerzita Pardubice, Fakulta ekonomicko-správní, 2007 
504 |a Obsahuje bibliografii 
648 7 |a 2001-2020  |7 ch460601  |2 czenas 
648 7 |a 2007-2013  |7 ch967324  |2 czenas 
650 0 7 |a regionální politika  |7 ph125081  |z Česko  |y 2001-2020  |2 czenas 
650 0 7 |a podpora regionálního rozvoje  |7 ph134660  |z Česko  |y 2001-2020  |2 czenas 
650 0 7 |a klastry (ekonomie)  |7 ph331142  |z Česko  |2 czenas 
650 0 7 |a strukturální fondy  |7 ph126155  |z země Evropské unie  |2 czenas 
650 0 9 |a regional policy  |z Czechia  |y 2001-2020  |2 eczenas 
650 0 9 |a government aid to regional development  |z Czechia  |y 2001-2020  |2 eczenas 
650 0 9 |a industrial clusters  |z Czechia  |2 eczenas 
650 0 9 |a structural funds  |z European Union countries  |2 eczenas 
651 7 |a Pardubický kraj (Česko : 2000-)  |7 ge135828  |2 czenas 
651 9 |a Pardubice Region (Czechia)  |2 eczenas 
655 7 |a disertace  |7 fd132024  |2 czenas 
655 7 |a teze  |7 fd133701  |2 czenas 
655 9 |a dissertations  |2 eczenas 
655 9 |a abstracts  |2 eczenas 
710 2 |a Univerzita Pardubice.  |b Ústav ekonomie a managementu  |7 kn20071210002 
810 2 |a Univerzita Pardubice.  |t Dissertation theses  |0 s 
910 2 |a BOA001  |b 2-1190.843 
928 9 |a Univerzita Pardubice 
990 |a BK 
995 |a 01 
991 |b 200712  |c NOV 
996 6 |b 2610326985  |c 2-1190.843  |l MZK  |r Sklad / do 1 hodiny  |n 3  |p p.v.  |w 000875555  |u 000010  |a 1  |e BOA001  |j MZK50  |s P